| 000 | 01019nam0a22002891 4500 | ||
|---|---|---|---|
| 001 | rc\3314180 | ||
| 005 | 20250609211251.0 | ||
| 021 |
_aRU _b[70-26350] |
||
| 035 | _a(NLR Aleph) 007505854 | ||
| 090 |
_a7680272 _c7680272 |
||
| 100 | _a20130115d1970 |||y0rusy50 ca | ||
| 101 | 0 | _arus | |
| 102 | _aRU | ||
| 105 | _ay g ||||| | ||
| 200 | 1 |
_aА.Ф. Гедике _eНотогр. справочник _fСост. Г.К. Иванов |
|
| 210 |
_aМосква _cСов. композитор _d1970 |
||
| 215 |
_a96 с. _d17 |
||
| 300 | _aНа обл. сост. не указан | ||
| 532 | 1 | 0 | _aАлександр Федорович Гедике |
| 606 |
_aРусская музыка _z19-20 вв. _jНотография _2psbo |
||
| 700 | 1 |
_aИванов _bГ.К. _f1897- _gГеоргий Константинович _4220 |
|
| 702 | 1 |
_aГедике _bА.Ф. _gАлександр Федорович _4570 |
|
| 801 | 0 |
_aRU _bNLR _gpsbo |
|
| 801 | 1 |
_aRU _bELAR _2rusmarc |
|
| 852 |
_aNLR _j641/Г-28 |
||
| 942 | _cBOOK | ||
| 980 | _aNB | ||